000 00921nam a2200265Ia 4500
003 OSt
005 20220923210949.0
006 a|||||r|||| 00| 0
007 ta
008 220922b |||||||| |||| 00| 0 hin d
020 _a8126012579 (pbk)
024 _a257,047
037 _cTextual
040 _aARTS
_cARTS
_bhin
041 _2hin
_ahin
082 _aO152,3N06,BK, 155P1
100 _aद्विवेदी, हजारीप्रसाद
_9156607
245 0 _aबाणभट्टाची आत्मकथा
246 _aBāṇabhaṭṭāchī ātmakathā
260 _aदिल्ली
_b साहित्य अकादमी
_c2001
300 _a226पृ.
_ccm.
650 _aहिन्दी साहित्य
_9156264
942 _hO152,3N06,BK, 155P1
_cTEXL
_2CC
999 _c293238
_d293238